Robotok segítik a neurológiai sérülések utáni rehabilitációt az SZTE-n

Elmentve itt :
Bibliográfiai részletek
Szerző: Garai Szakács László
Dokumentumtípus: Cikk
Megjelent: 2025-12-11
Sorozat:Szeged.hu
Kulcsszavak:Betegellátás - rehabilitáció, Kutatás - fejlesztés - innováció, Fejlesztés - rehabilitációt segítő robotok, Lengyel Csaba - tanszékvezető egyetemi tanár - SZAKK centrumelnök, Belgyógyászati Klinika, Szent-Györgyi Albert Klinikai Központ - SZAKK, Fazekas Gábor - tanszékvezető egyetemi tanár, Rehabilitációs Medicina Tanszék, Szent-Györgyi Albert Orvostudományi Kar - SZAOK, Cserháti Péter - Magyar Rehabilitációs Társaság elnöke
Online Access:http://univ.bibl.u-szeged.hu/76320
LEADER 01189nab a2200169 i 4500
001 univ76320
005 20251212135543.0
008 251212s2025 hu o 000 hun d
040 |a SZTE UnivHistória Repozitórium  |b hun 
041 |a hun 
100 2 |a Garai Szakács László 
245 1 0 |a Robotok segítik a neurológiai sérülések utáni rehabilitációt az SZTE-n  |h [elektronikus dokumentum] /  |c  Garai Szakács László 
260 |c 2025-12-11 
490 0 |a Szeged.hu 
561 |a Egyetemi hirarchívum 
695 |a Betegellátás - rehabilitáció, Kutatás - fejlesztés - innováció, Fejlesztés - rehabilitációt segítő robotok, Lengyel Csaba - tanszékvezető egyetemi tanár - SZAKK centrumelnök, Belgyógyászati Klinika, Szent-Györgyi Albert Klinikai Központ - SZAKK, Fazekas Gábor - tanszékvezető egyetemi tanár, Rehabilitációs Medicina Tanszék, Szent-Györgyi Albert Orvostudományi Kar - SZAOK, Cserháti Péter - Magyar Rehabilitációs Társaság elnöke 
856 4 0 |u http://univ.bibl.u-szeged.hu/76320/1/Szeged.hu%20-%20Robotok%20seg%C3%ADtik%20a%20neurol%C3%B3giai%20s%C3%A9r%C3%BCl%C3%A9sek%20ut%C3%A1ni%20rehabilit%C3%A1ci%C3%B3t%20az%20SZTE-n.pdf  |z Dokumentum-elérés